|
|
|
|
| LEADER |
00000cam a2200000 7i4500 |
| 001 |
0000002633 |
| 005 |
20030829.0 |
| 090 |
0 |
0 |
|a FAO634.956
|b REG 1992
|
| 110 |
1 |
0 |
|a REGIONAL Workshop on Tree Breeding and Propagation
|k 1990
|j Bangkok, Thailand
|
| 245 |
1 |
0 |
|a Proceedings of the ... , 10-14 July 1990, Bangkok, Thailand
|c edited by K. Vivekanandan, J. Davidson and M. Kashio
|
| 260 |
0 |
0 |
|a Bangkok :
|b Food and Agriculture Organization of the United Nations ,
|c 1992
|
| 300 |
|
|
|a 2 parts. :
|b ill. ;
|c 30 cm.
|
| 500 |
0 |
0 |
|a Includes bibliographical references
|
| 500 |
0 |
0 |
|a Part I: Workshop proceedings and technical papers Part II: Regional review and country reports
|
| 500 |
0 |
0 |
|a UNDP/FAO Regional Project on Tree Breeding and Propagation (RAS/88/025)
|
| 650 |
0 |
0 |
|a Plant propagation
|x Congresses
|
| 650 |
0 |
0 |
|a Trees
|x Breeding
|x Congresses
|
| 700 |
0 |
1 |
|a Davidson
|h J.
|
| 700 |
0 |
1 |
|a Kashio
|h M.
|
| 700 |
0 |
1 |
|a Vivekanandan
|h K.
|
| 710 |
1 |
1 |
|a Food and Agriculture Organization of the United Nations (FAO)
|
| 710 |
1 |
1 |
|a United Nations Development Programme (UNDP)
|
| 998 |
|
|
|a JPSM
|
| 999 |
|
|
|a 0000004364
|b Monograph
|c Food and Agriculture Organization
|e Default branch
|
| 999 |
|
|
|a 0000004365
|b Monograph
|c Food and Agriculture Organization
|e Default branch
|